000 00491nam a2200181Ia 4500
999 _c30210
_d30210
003 OSt
005 20201125102525.0
008 190216s9999||||xx |||||||||||||| ||und||
020 _a9788126439362
040 _coclc
082 _a894.8123
_bMEE/A
100 _aMeera, K R
_96807
245 0 _aAarachar /
_cK R Meera
260 _bD C Books Kerala,
_c2018.
_aKottayam:
300 _a552p
650 _aMalayalam
942 _cBK
_2ddc
_h894.8123
_iMEE/A
_k894.8123
_mMEE/A